Zpravodaj Čechů a Slováků ve Švýcarsku

Bibliographic Details
Format: Journal
Language:Czech
Slovak
PhysicalDescription:zv. 21-30 cm
Published: Zürich Svaz československých spolků ve Švýcarsku 1968-
Zürich Svaz spolků Čechů a Slováků ve Švýcarsku
Zürich Tiskové sdružení Zpravodaj
Zürich
Luzern
Weiach
Subjects:
Online Access:http://www.svaz-spolku.ch

MARC

LEADER 00000cas a2200000 a 4500
001 vtls009515926
005 20260515112531.0
008 090522c19689999sz qr pe 0 b0cze c
040 |a SNK  |b slo  |c SNK  |e AACR2 
041 0 |a cze  |a slo 
043 |a e-sz--- 
044 |a sz  |c CH 
072 7 |a 316.3  |x Globálne spoločnosti. Sociálna štruktúra. Sociálne skupiny  |2 konspekt 
072 7 |a 061.2  |x Nevládne organizácie a kooperácia  |2 konspekt 
080 |a (=162.4)  |2 2011 
080 |a (=162.3)  |2 2011 
080 |a (494)  |2 2011 
080 |a 323.15(051)  |2 2011 
080 |a 314.15-026.49(051)+(054)  |2 2011 
080 |a 323.113:061.2  |2 2011 
080 |a 323.15  |2 2011 
245 0 0 |a Zpravodaj Čechů a Slováků ve Švýcarsku 
246 1 1 |a Spravodaj Slovákov a Čechov vo Švajčiarsku 
246 1 1 |a Zeitschrift der Tschechen und Slowaken in der Schweiz 
246 1 3 |a Zpravodaj  |b časopis Čechov a Slovákov vo Švajčiarsku 
246 1 3 |a Zpravodaj  |b časopis Čechů a Slováků ve Švýcarsku 
260 |a Zürich  |b Svaz československých spolků ve Švýcarsku  |c 1968- 
260 2 |3 7-8/1995-2018  |a Zürich  |b Svaz spolků Čechů a Slováků ve Švýcarsku 
260 2 |3 6/1969-8/1972  |a Zürich  |b Tiskové sdružení Zpravodaj 
260 2 |3 9/1972-6/1995  |a Zürich  |b Svaz československých spolků ve Švýcarsku 
260 2 |3 2019-2023  |a Luzern  |b Svaz spolků Čechů a Slováků ve Švýcarsku 
260 3 |3 2024-  |a Weiach  |b Svaz spolků Čechů a Slováků ve Švýcarsku 
300 |a zv.  |c 21-30 cm 
310 |a 4x ročne  |b 2025- 
321 |a 2x mesačne  |b 1969-1972 
321 |a 1x mesačne  |b 1973-2024 
362 0 |a 1 (1968)- 
500 |a Popis podľa: Roč. [1], č. 11 (1968) a bibliografie Exilová periodika 
500 |a Nepravidelné striedanie češtiny a slovenčiny v názve, podnázve a texte 
500 |a Niekoľkokrát zmena formátu a celkovej úpravy 
500 |a Vychádzal pod rôznymi názvami, v tiráži sa uvádzal okrem češtiny a slovenčiny aj názov v nemčine, francúzštine a taliančine 
610 2 7 |a Zväz spolkov Čechov a Slovákov vo Švajčiarsku  |2 SNKKA  |9 265673 
650 0 7 |a Slováci v zahraničí  |2 SNKPH  |9 14695 
650 0 7 |a Česi  |2 SNKPH  |9 24818 
650 0 7 |a krajanské spolky a organizácie  |2 SNKPH  |9 103573 
651 7 |a Švajčiarsko  |2 SNKPHgeo  |9 20143 
655 7 |a časopisy národnostných menšín  |2 SNKPH  |9 125411 
655 7 |a krajanské periodiká  |2 SNKPH  |9 110004 
655 7 |a exilové periodiká  |2 SNKPH  |9 265092 
856 4 1 |u http://www.svaz-spolku.ch 
916 |a 1968-2018, 2019, 2020 
999 |c 1004  |d 2934 
952 |t č. 1-12  |a SNK  |b SNK  |y PREZ  |7 0  |p 17A1432247  |o snkČSC 3115/51/2018  |i snk2020/21479  |8 4  |f 1  |0 0  |1 0  |4 0  |d 2020-12-01  |l 0  |r 2026-02-21 19:24:29  |w 2026-02-21 
952 |t č. 1-7  |a SNK  |b SNK  |y PREZ  |7 0  |p 17A1460745  |o snkČSC 3115/52/2019/1  |i snk2021/12681  |8 4  |f 1  |0 0  |1 0  |4 0  |d 2021-09-16  |l 0  |r 2026-02-21 19:41:16  |w 2026-02-21 
952 |t č. 8-12  |a SNK  |b SNK  |y PREZ  |7 0  |p 17A1460746  |o snkČSC 3115/52/2019/2  |i snk2021/12683  |8 4  |f 1  |0 0  |1 0  |4 0  |d 2021-09-16  |l 0  |r 2026-02-21 19:41:18  |w 2026-02-21 
952 |t č. 1-6  |a SNK  |b SNK  |y PREZ  |7 0  |p 17A1555723  |o snkČSC 3115/55/2022/1  |i snk2025/3814  |8 4  |0 0  |1 0  |4 0  |d 2025-03-04  |l 0  |r 2026-02-21 19:49:40  |w 2026-02-21 
952 |t č. 7-12  |a SNK  |b SNK  |y PREZ  |7 0  |p 17A1555724  |o snkČSC 3115/55/2022/2  |i snk2025/3815  |8 4  |0 0  |1 0  |4 0  |d 2025-03-04  |l 0  |r 2026-02-21 19:49:40  |w 2026-02-21 
952 |t č. 1-6  |a SNK  |b SNK  |y PREZ  |7 0  |p 17A1555725  |o snkČSC 3115/56/2023/1  |i snk2025/3820  |8 4  |0 0  |1 0  |4 0  |d 2025-03-04  |l 0  |r 2026-02-21 19:49:40  |w 2026-02-21 
952 |t č. 7-12  |a SNK  |b SNK  |y PREZ  |7 0  |p 17A1555726  |o snkČSC 3115/56/2023/2  |i snk2025/3822  |8 4  |0 0  |1 0  |4 0  |d 2025-03-04  |l 0  |r 2026-02-21 19:49:40  |w 2026-02-21 
952 |t č. 1-12  |a SNK  |b SNK  |y PREZ  |7 0  |p 17A1522115  |o snkČSC 3115/54/2021  |i snk2024/6048  |8 4  |0 0  |1 0  |4 0  |d 2024-04-17  |l 0  |r 2026-02-21 19:51:14  |w 2026-02-21 
952 |t č. 1-24, neúplné  |a SNK  |b SNK  |y PREZ  |7 0  |p 17A0656234  |o snkČSC 3115/3/1970-1971  |i snkV 2008/91  |8 2  |z Chýba č. 1, 4-11  |f 2  |0 0  |1 0  |4 0  |d 2010-07-19  |l 0  |r 2026-02-21 19:53:46  |w 2026-02-21 
952 |t č. 1-24, neúplné  |a SNK  |b SNK  |y PREZ  |7 0  |p 17A0609118  |o snkČSC 3115/2/1969-1970  |i snk2010/15092  |8 1  |z Chýba č. 9-12,24  |f 1  |0 0  |1 0  |4 0  |d 2010-07-19  |l 0  |r 2026-02-21 19:53:46  |w 2026-02-21 
952 |t len č. 11, 13-15  |a SNK  |b SNK  |y PREZ  |7 0  |p 17A0609117  |o snkČSC 3115/[1]/1968  |i snk2010/15091  |8 1  |f 1  |0 0  |1 0  |4 0  |d 2010-07-19  |l 0  |r 2026-02-21 19:53:49  |w 2026-02-21 
952 |t č. 1-12  |a SNK  |b SNK  |y PREZ  |7 0  |p 17A0679642  |o snkČSC 3115/16/1983 D1  |i snk2011/7416  |8 4  |0 0  |1 0  |4 0  |d 2011-04-04  |l 0  |r 2026-02-21 19:56:59  |w 2026-02-21 
952 |t č. 1-12  |a SNK  |b SNK  |y PREZ  |7 0  |p 17A1268248  |o snkČSC 3115/12/1979  |i snk2011/7391  |8 4  |f 1  |0 0  |1 0  |4 0  |d 2011-04-01  |l 0  |r 2026-02-21 19:56:59  |w 2026-02-21 
952 |t č. 1-12  |a SNK  |b SNK  |y PREZ  |7 0  |p 17A0672407  |o snkČSC 3115/13/1980  |i snk2011/7392  |8 4  |f 1  |0 0  |1 0  |4 0  |d 2011-04-01  |l 0  |r 2026-02-21 19:56:59  |w 2026-02-21 
952 |t č. 1-12  |a SNK  |b SNK  |y PREZ  |7 0  |p 17A0679608  |o snkČSC 3115/18/1985  |i snk2011/7393  |8 4  |f 1  |0 0  |1 0  |4 0  |d 2011-04-01  |l 0  |r 2026-02-21 19:57:00  |w 2026-02-21 
952 |t č. 1-12  |a SNK  |b SNK  |y PREZ  |7 0  |p 17A0679609  |o snkČSC 3115/24/1991  |i snk2011/7394  |8 4  |f 1  |0 0  |1 0  |4 0  |d 2011-04-01  |l 0  |r 2026-02-21 19:57:00  |w 2026-02-21 
952 |t č. 1-12  |a SNK  |b SNK  |y PREZ  |7 0  |p 17A0679610  |o snkČSC 3115/25/1992  |i snk2011/7395  |8 4  |f 1  |0 0  |1 0  |4 0  |d 2011-04-01  |l 0  |r 2026-02-21 19:57:00  |w 2026-02-21 
952 |t č. 1-12  |a SNK  |b SNK  |y PREZ  |7 0  |p 17A0679611  |o snkČSC 3115/26/1993  |i snk2011/7396  |8 4  |f 1  |0 0  |1 0  |4 0  |d 2011-04-01  |l 0  |r 2026-02-21 19:57:00  |w 2026-02-21 
952 |t č. 1-12  |a SNK  |b SNK  |y PREZ  |7 0  |p 17A0679612  |o snkČSC 3115/27/1994  |i snk2011/7398  |8 4  |f 1  |0 0  |1 0  |4 0  |d 2011-04-01  |l 0  |r 2026-02-21 19:57:00  |w 2026-02-21 
952 |t č. 1-12  |a SNK  |b SNK  |y PREZ  |7 0  |p 17A0708376  |o snkČSC 3115/28/1995  |i snkČV 1178/2002  |8 2  |f 1  |0 0  |1 0  |4 0  |d 2011-04-01  |l 0  |r 2026-02-21 19:57:00  |w 2026-02-21 
952 |t č. 1-12  |a SNK  |b SNK  |y PREZ  |7 0  |p 17A0679614  |o snkČSC 3115/29/1996  |i snk2011/7400  |8 4  |f 1  |0 0  |1 0  |4 0  |d 2011-04-01  |l 0  |r 2026-02-21 19:57:00  |w 2026-02-21 
952 |t č. 1-12  |a SNK  |b SNK  |y PREZ  |7 0  |p 17A0679616  |o snkČSC 3115/31/1998  |i snk2011/7402  |8 4  |f 1  |0 0  |1 0  |4 0  |d 2011-04-01  |l 0  |r 2026-02-21 19:57:00  |w 2026-02-21 
952 |t č. 1-12  |a SNK  |b SNK  |y PREZ  |7 0  |p 17A0679617  |o snkČSC 3115/32/1999  |i snk2011/7403  |8 4  |z Číslo 7-8 je xerokópia  |f 1  |0 0  |1 0  |4 0  |d 2011-04-01  |l 0  |r 2026-02-21 19:57:00  |w 2026-02-21 
952 |t č. 1-12  |a SNK  |b SNK  |y PREZ  |7 0  |p 17A0679618  |o snkČSC 3115/33/2000  |i snk2011/7404  |8 4  |f 1  |0 0  |1 0  |4 0  |d 2011-04-01  |l 0  |r 2026-02-21 19:57:00  |w 2026-02-21 
952 |t č. 1-12  |a SNK  |b SNK  |y PREZ  |7 0  |p 17A0708375  |o snkČSC 3115/14/1981  |i snkD 1122/94  |8 1  |f 1  |0 0  |1 0  |4 0  |d 2011-04-04  |l 0  |r 2026-02-21 19:57:00  |w 2026-02-21 
952 |t č. 1-12  |a SNK  |b SNK  |y PREZ  |7 0  |p 17A0679645  |o snkČSC 3115/19/1986  |i snk2011/7607  |8 4  |f 1  |0 0  |1 0  |4 0  |d 2011-04-04  |l 0  |r 2026-02-21 19:57:00  |w 2026-02-21 
952 |t č. 1-12  |a SNK  |b SNK  |y PREZ  |7 0  |p 17A0679620  |o snkČSC 3115/35/2002  |i snk2011/7406  |8 4  |f 1  |0 0  |1 0  |4 0  |d 2011-04-01  |l 0  |r 2026-02-21 19:57:00  |w 2026-02-21 
952 |t č. 1-12  |a SNK  |b SNK  |y PREZ  |7 0  |p 17A0679621  |o snkČSC 3115/36/2003  |i snk2011/7407  |8 4  |f 1  |0 0  |1 0  |4 0  |d 2011-04-01  |l 0  |r 2026-02-21 19:57:00  |w 2026-02-21 
952 |t č. 1-12  |a SNK  |b SNK  |y PREZ  |7 0  |p 17A0679622  |o snkČSC 3115/37/2004  |i snk2011/7408  |8 4  |f 1  |0 0  |1 0  |4 0  |d 2011-04-01  |l 0  |r 2026-02-21 19:57:00  |w 2026-02-21 
952 |t č. 1-12  |a SNK  |b SNK  |y PREZ  |7 0  |p 17A0679623  |o snkČSC 3115/38/2005  |i snk2011/7409  |8 4  |f 1  |0 0  |1 0  |4 0  |d 2011-04-01  |l 0  |r 2026-02-21 19:57:01  |w 2026-02-21 
952 |t č. 1-12  |a SNK  |b SNK  |y PREZ  |7 0  |p 17A0679624  |o snkČSC 3115/39/2006  |i snk2011/7410  |8 4  |f 1  |0 0  |1 0  |4 0  |d 2011-04-01  |l 0  |r 2026-02-21 19:57:01  |w 2026-02-21 
952 |t č. 1-12  |a SNK  |b SNK  |y PREZ  |7 0  |p 17A0679625  |o snkČSC 3115/40/2007  |i snk2011/7411  |8 4  |f 1  |0 0  |1 0  |4 0  |d 2011-04-01  |l 0  |r 2026-02-21 19:57:01  |w 2026-02-21 
952 |t č. 1-12  |a SNK  |b SNK  |y PREZ  |7 0  |p 17A0679626  |o snkČSC 3115/41/2008  |i snk2011/7412  |8 4  |f 1  |0 0  |1 0  |4 0  |d 2011-04-01  |l 0  |r 2026-02-21 19:57:01  |w 2026-02-21 
952 |t č. 1-12  |a SNK  |b SNK  |y PREZ  |7 0  |p 17A0679627  |o snkČSC 3115/42/2009  |i snk2011/7414  |8 4  |f 1  |0 0  |1 0  |4 0  |d 2011-04-01  |l 0  |r 2026-02-21 19:57:01  |w 2026-02-21 
952 |t č. 1-12  |a SNK  |b SNK  |y PREZ  |7 0  |p 17A0679628  |o snkČSC 3115/43/2010  |i snk2011/7415  |8 4  |f 1  |0 0  |1 0  |4 0  |d 2011-04-01  |l 0  |r 2026-02-21 19:57:01  |w 2026-02-21 
952 |t č. 1-12  |a SNK  |b SNK  |y PREZ  |7 0  |p 17A1027387  |o snkČSC 3115/20/1987  |i snkV 2015/91  |8 2  |f 1  |0 0  |1 0  |4 0  |d 2011-04-08  |l 0  |r 2026-02-21 19:57:02  |w 2026-02-21 
952 |t č. 1-12  |a SNK  |b SNK  |y PREZ  |7 0  |p 17A0692816  |o snkČSC 3115/22/1989  |i snkV 2017/91  |8 2  |f 1  |3  ; ;   |0 0  |1 0  |4 0  |d 2011-04-04  |l 0  |r 2026-02-21 19:57:05  |w 2026-02-21 
952 |t č. 1-12  |a SNK  |b SNK  |y PREZ  |7 0  |p 17A0692800  |o snkČSC 3115/15/1982 D1  |i snkD 1124/94  |8 1  |0 0  |1 0  |4 0  |d 2011-04-04  |l 0  |r 2026-02-21 19:57:05  |w 2026-02-21 
952 |t č. 1-12  |a SNK  |b SNK  |y PREZ  |7 0  |p 17A0672500  |o snkČSC 3115/21/1988 D1  |i snk2011/7512  |8 4  |0 0  |1 0  |4 0  |d 2011-04-08  |l 0  |r 2026-02-21 19:57:07  |w 2026-02-21 
952 |t č. 1-12, neúplné  |a SNK  |b SNK  |y PREZ  |7 0  |p 17A1461809  |o snkČSC 3115/53/2020  |i snk2022/3034  |8 4  |z Chýba č. 4  |f 1  |0 0  |1 0  |4 0  |d 2022-02-28  |l 0  |r 2026-02-21 20:02:20  |w 2026-02-21 
952 |t č. 1-12 + zvl. vyd.  |a SNK  |b SNK  |y PREZ  |7 0  |p 17A0679615  |o snkČSC 3115/30/1997  |i snk2011/7401  |8 4  |z Zvláštne vydanie: 8a  |f 1  |0 0  |1 0  |4 0  |d 2011-04-01  |l 0  |r 2026-02-21 20:08:57  |w 2026-02-21 
952 |t č. 1-12  |a SNK  |b SNK  |y PREZ  |7 0  |p 17A0679619  |o snkČSC 3115/34/2001  |i snk2011/7405  |8 4  |f 1  |0 0  |1 0  |4 0  |d 2011-04-01  |l 0  |r 2026-02-21 20:08:57  |w 2026-02-21 
952 |t č. 1-12  |a SNK  |b SNK  |y PREZ  |7 0  |p 17A0692943  |o snkČSC 3115/21/1988  |i snkV 2016/91  |8 2  |f 1  |0 0  |1 0  |4 0  |d 2018-02-19  |l 0  |r 2026-02-21 20:50:03  |w 2026-02-21 
952 |t č. 1-12  |a SNK  |b SNK  |y PREZ  |7 0  |p 17A1268246  |o snkČSC 3115/23/1990  |i snkČV 5079/93  |8 2  |f 1  |0 0  |1 0  |4 0  |d 2018-02-19  |l 0  |r 2026-02-21 20:50:03  |w 2026-02-21 
952 |t č. 1-12, neúplné  |a SNK  |b SNK  |y PREZ  |7 0  |p 17A1089211  |o snkČSC 3115/22/1989 D1  |i snk2018/4499  |8 1  |z Chýba č. 11-12  |0 0  |1 0  |4 0  |d 2015-12-15  |l 0  |r 2026-02-21 21:46:59  |w 2026-02-21 
952 |t č. 1-12, neúplné  |a SNK  |b SNK  |y PREZ  |7 0  |p 17A1089212  |o snkČSC 3115/20/1987 D1  |i snkD 1127/94  |8 1  |z Chýba č. 5, 10  |0 0  |1 0  |4 0  |d 2015-12-15  |l 0  |r 2026-02-21 21:46:59  |w 2026-02-21 
952 |t č. 1-12  |a SNK  |b SNK  |y PREZ  |7 0  |p 17A1014828  |o snkČSC 3115/7/1974  |i snkV 2012/91  |8 2  |f 1  |0 0  |1 0  |4 0  |d 2018-02-16  |l 0  |r 2026-02-21 21:49:22  |w 2026-02-21 
952 |t č. 1-12, neúplné  |a SNK  |b SNK  |y PREZ  |7 0  |p 17A1015034  |o snkČSC 3115/8/1975  |i snkV 2013/91  |8 2  |z Chýba č. 3,6,8,12  |f 2  |0 0  |1 0  |4 0  |d 2018-02-16  |l 0  |r 2026-02-21 21:49:22  |w 2026-02-21 
952 |t č. 1-12, neúplné  |a SNK  |b SNK  |y PREZ  |7 0  |p 17A1014898  |o snkČSC 3115/9/1976  |i snkV 2014/91  |8 2  |z Chýba č. 1-8,11,12  |f 1  |0 0  |1 0  |4 0  |d 2018-02-16  |l 0  |r 2026-02-21 21:49:22  |w 2026-02-21 
952 |t č. 1-12  |a SNK  |b SNK  |y PREZ  |7 0  |p 17A1268243  |o snkČSC 3115/15/1982  |i snkD 1123/94  |8 1  |f 1  |0 0  |1 0  |4 0  |d 2018-02-16  |l 0  |r 2026-02-21 21:49:22  |w 2026-02-21 
952 |t č. 1-12  |a SNK  |b SNK  |y PREZ  |7 0  |p 17A1268244  |o snkČSC 3115/16/1983  |i snkD 1125/94  |8 1  |f 1  |0 0  |1 0  |4 0  |d 2018-02-16  |l 0  |r 2026-02-21 21:49:22  |w 2026-02-21 
952 |t č. 1-12  |a SNK  |b SNK  |y PREZ  |7 0  |p 17A1268245  |o snkČSC 3115/17/1984  |i snkD 1126/94  |8 1  |f 1  |0 0  |1 0  |4 0  |d 2018-02-16  |l 0  |r 2026-02-21 21:49:22  |w 2026-02-21 
952 |t č. 1-12  |a SNK  |b SNK  |y PREZ  |7 0  |p 17A1268247  |o snkČSC 3115/49/2016  |i snk2018/4452  |8 4  |f 1  |0 0  |1 0  |4 0  |d 2018-02-20  |l 0  |r 2026-02-21 21:49:27  |w 2026-02-21 
952 |t č. 1-12, neúplné  |a SNK  |b SNK  |y PREZ  |7 0  |p 17A1268276  |o snkČSC 3115/41/2008 D1  |i snk2018/6264  |8 1  |z Chýba č. 1-11  |0 0  |1 0  |4 0  |d 2018-03-13  |l 0  |r 2026-02-21 21:49:31  |w 2026-02-21 
952 |t č. 1-12, neúplné  |a SNK  |b SNK  |y PREZ  |7 0  |p 17A1268277  |o snkČSC 3115/42/2009 D1  |i snk2018/6266  |8 1  |z Chýba č. 1, 3-6, 11,12  |0 0  |1 0  |4 0  |d 2018-03-13  |l 0  |r 2026-02-21 21:49:31  |w 2026-02-21 
952 |t č. 1-12, neúplné  |a SNK  |b SNK  |y PREZ  |7 0  |p 17A1268278  |o snkČSC 3115/43/2010 D1  |i snk2018/6269  |8 1  |z Chýba č. 1-6  |0 0  |1 0  |4 0  |d 2018-03-13  |l 0  |r 2026-02-21 21:49:35  |w 2026-02-21 
952 |t č. 1-12  |a SNK  |b SNK  |y PREZ  |7 0  |p 17A1388440  |o snkČSC 3115/50/2017  |i snk2020/10154  |8 4  |f 1  |0 0  |1 0  |4 0  |d 2020-06-11  |l 0  |r 2026-02-21 22:01:27  |w 2026-02-21 
952 |t č. 1-12  |a SNK  |b SNK  |y PREZ  |7 0  |p 17A1205789  |o snkČSC 3115/44/2011  |i snk2017/7222  |8 4  |f 1  |0 0  |1 0  |4 0  |d 2017-03-22  |l 0  |r 2026-02-21 22:03:51  |w 2026-02-21 
952 |t č. 1-12  |a SNK  |b SNK  |y PREZ  |7 0  |p 17A1205790  |o snkČSC 3115/45/2012  |i snk2017/7223  |8 4  |f 1  |0 0  |1 0  |4 0  |d 2017-03-22  |l 0  |r 2026-02-21 22:04:06  |w 2026-02-21 
952 |t č. 1-12  |a SNK  |b SNK  |y PREZ  |7 0  |p 17A1205791  |o snkČSC 3115/46/2013  |i snk2017/7224  |8 4  |f 1  |0 0  |1 0  |4 0  |d 2017-03-22  |l 0  |r 2026-02-21 22:04:10  |w 2026-02-21 
952 |t č. 1-12  |a SNK  |b SNK  |y PREZ  |7 0  |p 17A1205808  |o snkČSC 3115/47/2014  |i snk2017/7722  |8 4  |f 1  |0 0  |1 0  |4 0  |d 2017-03-29  |l 0  |r 2026-02-21 22:04:21  |w 2026-02-21 
952 |t č. 1-12  |a SNK  |b SNK  |y PREZ  |7 0  |p 17A1268241  |o snkČSC 3115/48/2015  |i snk2018/3843  |8 4  |f 1  |0 0  |1 0  |4 0  |d 2018-02-12  |l 0  |r 2026-02-21 22:26:29  |w 2026-02-21 
952 |t č. 1-24, neúplné  |a SNK  |b SNK  |y PREZ  |7 0  |p 17A1014867  |o snkČSC 3115/4/1971-1972  |i snkV 2009/91  |8 2  |z Chýba č. 6  |f 1  |0 0  |1 0  |4 0  |d 2018-02-12  |l 0  |r 2026-02-21 22:26:32  |w 2026-02-21 
952 |t č. 1-20, neúplné  |a SNK  |b SNK  |y PREZ  |7 0  |p 17A1014866  |o snkČSC 3115/5/1972  |i snkV 2010/91  |8 2  |z Chýba č. 9,10  |f 1  |0 0  |1 0  |4 0  |d 2018-02-12  |l 0  |r 2026-02-21 22:26:32  |w 2026-02-21 
952 |t č. 1-12, neúplné  |a SNK  |b SNK  |y PREZ  |7 0  |p 17A1014905  |o snkČSC 3115/6/1973  |i snkV 2011/91  |8 2  |z Chýba č. 11  |f 1  |0 0  |1 0  |4 0  |d 2018-02-12  |l 0  |r 2026-02-21 22:26:32  |w 2026-02-21 
952 |t 1  |a SNK  |b SNK  |y NEVYP  |7 1  |p 17A1560188  |o snkČSC 3115/57/2024/1  |i snk2026/7241  |h č. 1-6  |8 4  |g 50.00  |0 0  |1 0  |2 udc  |4 0  |d 2026-05-15  |l 0  |r 2026-05-15 11:36:13  |w 2026-05-15 
952 |t 1  |a SNK  |b SNK  |y NEVYP  |7 1  |p 17A1560189  |o snkČSC 3115/57/2024/2  |i snk2026/7242  |h č. 7-12  |8 4  |g 50.00  |0 0  |1 0  |2 udc  |4 0  |d 2026-05-15  |l 0  |r 2026-05-15 11:42:36  |w 2026-05-15